| 000 | 00678cam a22002291a 4500 | ||
|---|---|---|---|
| 001 | f 01001738 | ||
| 003 | DLC | ||
| 005 | 20260227111240.0 | ||
| 008 | 801224m18931895fr 000 0 fre | ||
| 010 | _af 01001738 | ||
| 035 | _a(OCoLC)7035260 | ||
| 040 |
_aDLC _cOCl _dTxU _dDLC |
||
| 042 | _apremarc | ||
| 050 | 0 | 0 |
_aDS117 _b.R38 |
| 100 | 1 |
_aRenan, Ernest, _d1823-1892. |
|
| 245 | 1 | 0 |
_aHistoire du peuple d'Israƫl / _cpar Ernest Renan. |
| 260 |
_aParis : _bCalmann-Levy, _c1893-1895. |
||
| 300 |
_a5 v. ; _c23 cm. |
||
| 650 | 0 |
_aJews _xHistory _yTo 70 A.D. |
|
| 630 | 0 | 0 |
_aBible. _pOld Testament _xCriticism, interpretation, etc. |
| 650 | 0 | _aApocryphal books (Old Testament) | |
| 999 |
_c22627 _d22627 |
||